Visualizzazione normale
Vista MARC
- Enderle B.
di Personal Name
Records bibliografici associati: 1
001 - CONTROL NUMBER
- control field: 33385
003 - CONTROL NUMBER IDENTIFIER
- control field: IT-RoPau
005 - DATE AND TIME OF LATEST TRANSACTION
- control field: 20140705085236.0
008 - FIXED-LENGTH DATA ELEMENTS
- fixed length control field: 140705|| aca||aabn | a|a d
040 ## - CATALOGING SOURCE
- Original cataloging agency: IT-RoPau
- Transcribing agency: IT-RoPau
100 ## - HEADING--PERSONAL NAME
- Personal name: Enderle B.
- Relator term: Autore testo e musica
- Miscellaneous information: Codice autore testo/musica SPICS: 28381
670 ## - SOURCE DATA FOUND
- Source citation: Work cat.: (IT-RoPau)102380: Ciprì V. 33381, Voglio svegliare l'aurora